000 00473nam a22001937a 4500
005 20251108172555.0
008 250721s9999 xx 000 0 eng d
082 1 4 _a725.72TAY
100 1 _aTaylar, Julie D
245 1 0 _aBars pubs cafes: hot design for cool spaces /
264 1 _aMassachusetts :
_bRockport publishers,
300 _a192p
650 1 7 _aBars
650 1 7 _aPubs
650 1 7 _aCafes
650 1 7 _aArchitecture
942 _2ddc
_cBK
999 _c82935
_d82935